Poesía romántica inglesa /

Guardado en:
Autor Principal: Blake, William.
Otros Autores: Wordsworth, William., Coleridge, Samuel Taylor., Lord Byron., Shelley, Percy Byshee., Keats, John., Manent, M.; trad., de Luaces, Juan G.; trad.
Formato: Libro
Idioma:Undetermined
Publicado: Buenos Aires : Orbis, 1984.
Edición:1a ed.
Series:Historia Universal de la Literatura ; 92
Materias:
Etiquetas: Agregar Etiqueta
Sin Etiquetas, Sea el primero en etiquetar este registro!
LEADER 02753nam a22003015a 4500
001 CEM.cems024429
008 241217s1984####ag############000#0#und#d
005 20241217172001.0
245 1 0 |a Poesía romántica inglesa /  |c Byron, Keats, Shelley y otros. 
250 |a 1a ed. 
260 |a Buenos Aires :  |b Orbis,  |c 1984. 
300 |a 136 p. 
490 1 |a Historia Universal de la Literatura ;  |v 92 
505 0 |a La rosa enferma / William Blake -- Eternidad / William Blake -- Nueva Jerusalén / William Blake -- El libro de Thel / William Blake -- Agua, puro elemento... / William Wordsworth -- Cielo tras la borrasca / William Wordsworth -- ¡Oh ruiseñor! / William Wordsworth -- Aves acuáticas / William Wordsworth -- El barranco encantado / William Wordsworth -- La casa de un párroco en el Oxfordshire / William Wordsworth -- Camposanto en el sur de Escocia / William Wordsworth -- Atisbos de inmortalidad en los recuerdos de la primera infancia / William Wordsworth -- Hielo a medianoche / Samuel Taylor Coleridge -- El ruiseñor / Samuel Taylor Coleridge -- El recuerdo / Samuel Taylor Coleridge -- La pintura / Samuel Taylor Coleridge -- Versos compuestos en una sala de conciertos / Samuel Taylor Coleridge -- Poema del viejo marino / Samuel Taylor Coleridge -- Inscripción para una fuente que mana en un brezal / Samuel Taylor Coleridge -- La gacela salvaje / Lord Byron -- La destrucción de Senaquerib / Lord Byron -- Lara / Lord Byron -- El espíritu del mundo / Percy Byshee Shelley -- Prometeo libertado / Percy Byshee Shelley -- A una alondra / Percy Byshee Shelley -- Vino de hadas / Percy Byshee Shelley -- Himno de Pan / Percy Byshee Shelley -- Oda a Nápoles / Percy Byshee Shelley -- Orfeo / Percy Byshee Shelley -- Epipsychidion / Percy Byshee Shelley -- De puntillas anduve / John Keats -- A quien en la ciudad... / John Keats -- Sobre la cigarra y el grillo / John Keats -- Feliz es Inglaterra / John Keats -- A un ruiseñor / John Keats -- Al otoño / John Keats -- Sobre la melancolía / John Keats -- Sobre el mar / John Keats -- A Reynolds / John Keats -- Bien venida alegría, bien venido pesar / John Keats -- Escrito antes de releer "El rey Lear" / John Keats -- A Reynolds / John Keats -- Canción de la margarita / John Keats 
020 |a 9506143044 
100 1 |a Blake, William. 
700 1 |a Wordsworth, William. 
700 1 |a Coleridge, Samuel Taylor. 
700 1 |a Lord Byron. 
700 1 |a Shelley, Percy Byshee. 
700 1 |a Keats, John. 
700 1 |a Manent, M.; trad. 
700 1 |a de Luaces, Juan G.; trad. 
653 |a Literatura inglesa 
653 |a Poesía inglesa 
653 |a Poesía romántica 
653 |a Literatura romántica 
859 |a CEMS  |b BIB. CEMS - 11 de abril  |h 821.5  |i B996  |p 29691.24  |t Ej.1